000
00260nam a22001097a 4500
999
_c
15618
_d
15618
003
OSt
008
190520b ||||| |||| 00| 0 eng d
082
_a
664.01
_b
SIN/FO
100
_a
Singh, Paul R.
_9
3179
245
_a
Introduction to Food Engineering
942
_c
BK